000 00812nam a2200241Ia 4500
003 OSt
005 20221005112256.0
006 a|||||r|||| 00| 0
007 ta
008 221004b |||||||| |||| 00| 0 pan d
020 _a9788178564258 (hbk)
_c270
024 _a26716
037 _b979, 16/12/2015, H.K. Prakashan
_cTextual
040 _aCRL
_cCRL
_bpan
041 _2pan
_apan
082 _aR49, 153Q5
100 _aਕਰਮਜੀਤ ਕੌਰ, ਥਦ.
245 0 _aਲੋਕ ਸਿਆਣਪਾਂ
260 _aਅੰਮ੍ਰਿਤਸਰ
_bਵਾਰਿਸ Fਾਹ ਖ਼ਉ੍ਵਡੇFਨ ਭਾਰਤ
_c2015
300 _a176ਪੰ
_ccm.
942 _hR49, 153Q5
_cTEXL
_2cc
999 _c1024392
_d1024392